000 00219nmm a2200085Ia 4500
008 220120s9999||||xx |||||||||||||||||und||
100 _aDigit
245 0 _aManjaro- Electronics software, Radio show, games
260 _c43739
999 _c140108
_d140108